000 004660000a22002050004500
005 20120302060102.0
942 _cBOOK
100 _a Ranade,Ra.Da.
245 _a Santvachanaamruta
260 _aPune:Ranade,Ra.Da.
300 _a232p.
490 _aAdhyaatma Granthamaalaa-2
040 _aMAR
365 _b1.50/-
650 _aDharmika Vaangamaya
650 _aSant Vaangamaya
650 _aDnyaandev
650 _aChaangadev
650 _aJanardanswami
999 _c350195
_d350192